| 000 | 00674nam a2200205Ia 4500 | ||
|---|---|---|---|
| 008 | 130821s1980 enk gr eng | ||
| 040 |
_aCo-BoUCM _bspa |
||
| 041 | 0 | 0 | _aeng |
| 100 |
_aJoyce, James _d1882-1941 _9155266 |
||
| 245 | 0 | 0 |
_aUlysses _bwith Ulysses a short history by Richard Ellman _cJames Joyce |
| 260 |
_aLondres (Inglaterra) _bPenguin Books _c1980 |
||
| 300 | _a720 páginas | ||
| 490 | _aA Penguin Modern Classic | ||
| 650 | 0 | 4 |
_aLiteratura irlandesa _918691 |
| 650 | 0 | 4 |
_aMonologo _919728 |
| 650 | 0 | 4 |
_aNovela irlandesa _920532 |
| 650 | 0 | 4 |
_aPoesía irlandesa _921823 |
| 942 |
_cLIBRO _a18 _e1 _mJ89u _2DEWEY _h823.8 |
||
| 999 |
_c32430 _d32430 |
||